| 000 -LEADER |
| fixed length control field |
00641cam a22002171 4500 |
| 001 - CONTROL NUMBER |
| control field |
6097723 |
| 005 - DATE AND TIME OF LATEST TRANSACTION |
| control field |
20180109094743.0 |
| 008 - FIXED-LENGTH DATA ELEMENTS--GENERAL INFORMATION |
| fixed length control field |
741011s1962 ilu bdi 000 0 eng |
| 010 ## - LIBRARY OF CONGRESS CONTROL NUMBER |
| LC control number |
62012778 |
| 035 ## - SYSTEM CONTROL NUMBER |
| System control number |
(OCoLC)1038552 |
| 040 ## - CATALOGING SOURCE |
| Original cataloging agency |
DLC |
| Transcribing agency |
OClU |
| Modifying agency |
OCoLC |
| -- |
DLC |
| 041 ## - LANGUAGE CODE |
| Language code of text/sound track or separate title |
eng |
| 080 ## - UNIVERSAL DECIMAL CLASSIFICATION NUMBER |
| Universal Decimal Classification number |
164 PLOC |
| 082 00 - DEWEY DECIMAL CLASSIFICATION NUMBER |
| Classification number |
164 PLOC |
| 100 1# - Rafti |
| Rafti |
24 |
| 101 ## - Shkurtesa |
| Shkurtesa |
FIL |
| 245 10 - TITLE STATEMENT |
| Title |
Terms in their propositional contexts in Wittgenstein's Tractatus; |
| Statement of responsibility, etc |
by George Kimball Plochmann and Jack B. Lawson. |
| 504 ## - BIBLIOGRAPHY, ETC. NOTE |
| Bibliography, etc |
"Selected bibliography": p. 223-229. |
| 906 ## - LOCAL DATA ELEMENT F, LDF (RLIN) |
| a |
7 |
| b |
cbc |
| c |
oclcrpl |
| d |
u |
| e |
ncip |
| f |
19 |
| g |
y-gencatlg |
| 942 ## - ADDED ENTRY ELEMENTS (KOHA) |
| Source of classification or shelving scheme |
|
| Item type |
Books |